Anuario estadístico 2014 : (Registro nro. 8803)

Detalles MARC
000 -CABECERA
Campo de control 01167nam a22002657a 4500
005 - FECHA Y HORA DE LA ULTIMA TRANSACCION
Campo de control 20200121073309.0
008 - ELEMENTOS DE LONGITUD FIJA—INFORMACION GENERAL
Campo de control 151114b2014 ck ||||g ||||a00| 0 spa d
040 ## - FUENTE DE CATALOGACIÓN
Agencia catalogadora original CO-BoIAVH
Agencia transcriptora CO-BoIAVH
041 ## - IDIOMA
Código de idioma para texto/pista de sonido o título separado Español
044 ## - PAÍS DE PUBLICACIÓN
País de publicación Colombia
082 04 - NUMERO DE CLASIFICACION DECIMAL DEWEY
Número de clasificación 633.851
Número del ítem F29a2014
110 2# - ASIENTO PRINCIPAL--NOMBRE CORPORATIVO
Nombre corporativo o de jurisdicción como elemento de entrada Federación Nacional de Cultivadores de Palma de Aceite, Fedepalma (Colombia).
9 (RLIN) 1887
245 10 - MENCION DE TITULO
Título Anuario estadístico 2014 :
Parte restante del título La agroindustria de la palma de aceite en Colombia y en el mundo 2008-2012
246 ## - FORMA VARIANTE DEL TITULO
Título propiamente dicho/forma breve del título Statistical Yearbook 2014 : The Oil Palm Agroindustry in Colombia and the World 2008-2012
260 ## - PUBLICACION, DISTRIBUCION, ETC. (PIE DE IMPRENTA)
Lugar de publicación, distribución, etc. Bogotá :
Nombre del editor, distribuidor, etc. Fedepalma,
Fecha de publicación, distribución, etc. 2014
300 ## - DESCRIPCION FISICA
Extensión 176 p.
Otros detalles físicos il., mapas, tablas, gráficas
Dimensiones 28 cm.
490 ## - MENCION DE SERIE
Mención de serie Anuario estadístico, Fedepalma
Designación numérica/secuencial del volumen 2014
505 ## - NOTA DE CONTENIDO
Nota de contenido Contiene las cifras más importantes de la agroindustria de la palma de aceite en Colombia y el mundo en el período 2009-2013
650 #6 - ASIENTO SECUNDARIO DE MATERIA - TERMINO TEMATICO
Término temático o nombre geográfico como elemento de entrada Palma de aceite
Subdivisión de forma anuarios
9 (RLIN) 88121
650 #4 - ASIENTO SECUNDARIO DE MATERIA - TERMINO TEMATICO
Término temático o nombre geográfico como elemento de entrada Agroindustria
9 (RLIN) 1890
650 #6 - ASIENTO SECUNDARIO DE MATERIA - TERMINO TEMATICO
Término temático o nombre geográfico como elemento de entrada Palma africana
Subdivisión general cultivo
Subdivisión geográfica Colombia
9 (RLIN) 88123
650 #6 - ASIENTO SECUNDARIO DE MATERIA - TERMINO TEMATICO
Término temático o nombre geográfico como elemento de entrada Palma africana
Subdivisión general producción
Subdivisión geográfica Colombia
9 (RLIN) 88124
650 #6 - ASIENTO SECUNDARIO DE MATERIA - TERMINO TEMATICO
Término temático o nombre geográfico como elemento de entrada Palma africana
Subdivisión general economía
Subdivisión geográfica Colombia
9 (RLIN) 88125
942 ## - ELEMENTOS ADICIONALES (KOHA)
Sistema de clasificación Dewey Decimal Classification
Tipo de ítem Libro
Koha issues (borrowed), all copies 1
Existencias
Withdrawn status Lost status Sistema de Clasificación Damaged status No para préstamo Colección Inventariado Ubicación Permanente Ubicación actual Fecha de adquisición Fuente de Valor Valor Total Checkouts Total Renewals Número topográfico Inventario / Código de Barras Date last seen Date checked out Ejemplar Price effective from Tipo de material
    Dewey Decimal Classification     General Inventariado 2017 Bogotá Bogotá 15/11/2014 Instituto 39000.00 1 1 LB-633.851 F29a2014 038434 13/04/2015 07/04/2015 Ej. 1 15/11/2014 Libro